Statistics for Australian Birds by Picture #6

Click here to take the quiz!

General Stats

  • This quiz has been taken 16 times
  • The average score is 9 of 20

Answer Stats

Answer% Correct
Royal Spoonbill
89%
Welcome Swallow
89%
Australian Bustard
78%
Plains-wanderer
67%
Red-necked Avocet
67%
Southern Emuwren
67%
Australian Masked-Owl
56%
Beach Stone-curlew
56%
Forest Raven
56%
Spangled Drongo
56%
Comb-crested Jacana
44%
Crested Bellbird
44%
Magnificent Riflebird
44%
White-tailed Tropicbird
33%
Fairy Prion
22%
White-bellied Cuckoo-shrike
22%
Oriental Pratincole
11%
Spinifexbird
11%
Green-backed Gerygone
0%
Western Bristlebird
0%

Score Distribution

Percentile by Number Answered

Percent of People with Each Score

Your Score History

You have not taken this quiz